000
00328nam a2200133Ia 4500
008
240624s9999 xx 000 0 und d
041
_a
eng
082
_a
658.4012 DAY
100
_a
DAY GEORGE S
245
_a
WHARTON ON DYNAMIC COMPETITIVE STRATEGY
260
_c
2004
_a
New Jersey
_b
Wiley
300
_a
480 : p.
365
_c
_b
26
999
_c
23957
_d
23957